000 00731nam a2200217 i 4500
003 DO-SdBNP
005 20250305125503.0
007 ta
008 250305b2015 dr ac||| |||| 00| 0 spa d
040 _aDO-SdBNP
_bspa
_cBNPHU
_erda
082 4 _axxx
_bxxx
_222
245 0 0 _aPatrimonio de lo cotidiano :
_bel Centro León y la gestión cultural participativa /
_cAlejandro Garay
264 1 _aSantiago de los Caballeros, República Dominicana :
_bCentro León,
_c2015.
300 _a206 páginas :
_bilustraciones, retratos ;
_c21 cm.
336 _atexto
_btxt
_2rdacontent
337 _asin mediación
_bn
_2rdamedia
338 _avolumen
_bnc
_2rdacarrier
590 _aInventariado, 2025/BT
910 _aBtavárez
942 _2ddc
_cLBS1
999 _c58330
_d58330